[Event "Deutsche Ländermeisterschaft 2015"]
[Site "Hannover GER"]
[Date "2015.10.07"]
[Round "7"]
[White "Hoffmann, Tim"]
[Black "Ciolek, Andreas"]
[Result "1-0"]
[Termination "normal"]
[Board "6.2"]
[WhiteElo "2119"]
[BlackElo "2030"]
[WhiteTeam "Thüringen"]
[BlackTeam "Baden 2"]
[PlyCount "111"]
[WhiteFideId "12900338"]
[BlackFideId "12906727"]
[EventCountry "GER"]
[EventRounds "7"]
[EventType "team-swiss"]
[EventDate "2015.10.02"]

1. e4 d6 2. Nc3 e5 3. Bc4 Nf6 4. d3 Nc6 5. a3 Be7 6. f4 Bg4 7. Nge2 Nh5 8. O-O
Nd4 9. Be3 Nxe2+ 10. Nxe2 Bxe2 11. Qxe2 Nxf4 12. Bxf4 exf4 13. Rxf4 O-O 14.
Raf1 Bf6 15. c3 c6 16. d4 d5 17. Bd3 Bg5 18. R4f3 g6 19. e5 Bh6 20. e6 fxe6 21.
Qxe6+ Kh8 22. Qe5+ Kg8 23. Qe6+ Kh8 24. Rxf8+ Bxf8 25. Rf7 Qd6 26. Qxd6 Bxd6
27. Rxb7 Bf4 28. Be2 Be3+ 29. Kf1 c5 30. dxc5 Bxc5 31. Rd7 Rf8+ 32. Bf3 Be3 33.
Rxd5 Bc1 34. Rb5 Rd8 35. a4 Rd2 36. b3 Bb2 37. c4 Rc2 38. c5 Be5 39. c6 Bxh2
40. Rd5 Kg7 41. Rd7+ Kf6 42. Rxa7 Ke5 43. Rd7 g5 44. Rxh7 Bg3 45. Rd7 Kf4 46.
Rf7+ Ke3 47. Re7+ Kf4 48. Re4+ Kf5 49. Rd4 Ke5 50. Rd3 Kf4 51. Bd1 Rc1 52. b4
g4 53. b5 Rc4 54. a5 Re4 55. Be2 Ra4 56. c7 1-0

[Event "Deutsche Ländermeisterschaft 2015"]
[Site "Hannover GER"]
[Date "2015.10.07"]
[Round "7"]
[White "Boes, Julian"]
[Black "Nguyen, Huy Dat"]
[Result "0-1"]
[Termination "normal"]
[Board "6.3"]
[WhiteElo "2083"]
[BlackElo "2089"]
[WhiteTeam "Baden 2"]
[BlackTeam "Thüringen"]
[PlyCount "106"]
[WhiteFideId "12907723"]
[BlackFideId "12923486"]
[EventCountry "GER"]
[EventRounds "7"]
[EventType "team-swiss"]
[EventDate "2015.10.02"]

1. e4 c5 2. b3 Nf6 3. e5 Nd5 4. Nc3 Nxc3 5. dxc3 Nc6 6. Bf4 d5 7. exd6 e5 8.
Be3 Qxd6 9. Qxd6 Bxd6 10. g3 O-O 11. Bg2 Be6 12. O-O-O Rfd8 13. Bxc6 bxc6 14.
c4 h6 15. h4 e4 16. Rd2 Be7 17. Rxd8+ Rxd8 18. Ne2 Bg4 19. Nc3 Bf3 20. Rg1 f5
21. Na4 Kf7 22. Nxc5 f4 23. gxf4 Bxh4 24. f5 Bf6 25. Ne6 Rd7 26. a3 Be5 27. b4
Kf6 28. b5 cxb5 29. cxb5 Kxf5 30. Nc5 Rc7 31. a4 h5 32. a5 h4 33. b6 axb6 34.
axb6 Rxc5 35. Bxc5 h3 36. Be3 Kf6 37. Bg5+ Kf7 38. Bd8 h2 39. Re1 Bf4+ 40. Kb1
h1=Q 41. Rxh1 Bxh1 42. Ka2 e3 43. fxe3 Bxe3 44. Kb3 Ke6 45. Kb4 Kd7 46. Bc7 Kc6
47. Ka5 Be4 48. c3 Bd3 49. Bd8 g6 50. Bc7 g5 51. Bd8 g4 52. Bh4 Bxb6+ 53. Kb4
Bc7 0-1

[Event "Deutsche Ländermeisterschaft 2015"]
[Site "Hannover GER"]
[Date "2015.10.07"]
[Round "7"]
[White "Weishäutel, Moritz"]
[Black "Mangei, Jasmin"]
[Result "1/2-1/2"]
[Termination "normal"]
[Board "6.4"]
[WhiteElo "1970"]
[BlackElo "1867"]
[WhiteTeam "Thüringen"]
[BlackTeam "Baden 2"]
[PlyCount "82"]
[WhiteFideId "12967300"]
[BlackFideId "12951803"]
[EventCountry "GER"]
[EventRounds "7"]
[EventType "team-swiss"]
[EventDate "2015.10.02"]

1. e4 e5 2. Nf3 Nc6 3. Bb5 a6 4. Ba4 Nf6 5. O-O Be7 6. d3 b5 7. Bb3 d6 8. c3
O-O 9. Re1 Na5 10. Bc2 c5 11. Nbd2 Qc7 12. Nf1 Bd7 13. h3 Rac8 14. Bg5 Nc6 15.
Ne3 Ne8 16. Nd5 Qd8 17. Nxe7+ Nxe7 18. Bb3 Nc7 19. d4 exd4 20. cxd4 Ne6 21.
Bxe6 Bxe6 22. dxc5 Rxc5 23. Qd4 Rc4 24. Qd3 Qd7 25. Rad1 Rd8 26. b3 Rcc8 27.
Rd2 f6 28. Bf4 d5 29. Rde2 Ng6 30. Bg3 dxe4 31. Qxd7 Bxd7 32. Rxe4 Bc6 33. Re6
Kf7 34. Nh4 Nxh4 35. Re7+ Kf8 36. Bxh4 Re8 37. Rxe8+ Rxe8 38. Rxe8+ Kxe8 39.
Bg3 Kd7 40. f4 g6 41. Kf2 Ke6 1/2-1/2

[Event "Deutsche Ländermeisterschaft 2015"]
[Site "Hannover GER"]
[Date "2015.10.07"]
[Round "7"]
[White "Wiesner, Alexander"]
[Black "Riedel, Erich"]
[Result "1-0"]
[Termination "normal"]
[Board "6.5"]
[WhiteElo "1844"]
[BlackElo "1826"]
[WhiteTeam "Baden 2"]
[BlackTeam "Thüringen"]
[PlyCount "111"]
[WhiteFideId "12943991"]
[BlackFideId "12958646"]
[EventCountry "GER"]
[EventRounds "7"]
[EventType "team-swiss"]
[EventDate "2015.10.02"]

1. d4 e6 2. c4 d5 3. Nc3 f5 4. Bf4 c6 5. e3 Nf6 6. Qc2 Bd6 7. Bxd6 Qxd6 8. Bd3
Ne4 9. Nge2 O-O 10. f3 Nxc3 11. Qxc3 Nd7 12. O-O Nf6 13. Qc2 dxc4 14. Bxc4 Nd5
15. Bxd5 exd5 16. Nf4 Be6 17. Nd3 Rf7 18. f4 Re7 19. Qd2 a6 20. b4 Bd7 21. Rfc1
Rae8 22. Ne5 Rb8 23. Rc2 g6 24. Rac1 Be8 25. Qc3 Kg7 26. Qb3 Rd8 27. a4 Qb8 28.
Qa3 Qd6 29. Qc3 Rb8 30. Qc5 Qxc5 31. Rxc5 Rd8 32. Kf2 Kf6 33. Ke2 Rd6 34. Kd2
Rd8 35. Kc2 Rd6 36. Kb3 Rd8 37. b5 cxb5 38. a5 Rd6 39. Kb4 Bf7 40. Rc8 Be8 41.
R1c7 Rde6 42. Kc5 Rxc7+ 43. Rxc7 Re7 44. Rc8 Ke6 45. Rd8 Bd7 46. Rb8 Bc6 47.
Nxc6 bxc6 48. Rb6 Rc7 49. Rxa6 Kd7 50. Rb6 Ra7 51. a6 Rc7 52. h3 h6 53. h4 Ra7
54. Rxc6 b4 55. Rxg6 b3 56. Rg7+ 1-0

[Event "Deutsche Ländermeisterschaft 2015"]
[Site "Hannover GER"]
[Date "2015.10.07"]
[Round "7"]
[White "Nguyen, Ha Thanh"]
[Black "Riegel, Arinna"]
[Result "1/2-1/2"]
[Termination "normal"]
[Board "6.6"]
[WhiteElo "1719"]
[BlackElo "1610"]
[WhiteTeam "Thüringen"]
[BlackTeam "Baden 2"]
[PlyCount "86"]
[WhiteFideId "12942154"]
[BlackFideId "12931446"]
[EventCountry "GER"]
[EventRounds "7"]
[EventType "team-swiss"]
[EventDate "2015.10.02"]

1. e4 d5 2. exd5 Qxd5 3. Nc3 Qd8 4. d4 Nf6 5. Bc4 c6 6. Nge2 Bg4 7. f3 Bf5 8.
Bf4 e6 9. g4 Bg6 10. h4 h6 11. Bd3 Bxd3 12. Qxd3 Bd6 13. O-O-O Qc7 14. Qd2 Nd5
15. Bxd6 Qxd6 16. Ne4 Qc7 17. g5 Nd7 18. Rdg1 hxg5 19. hxg5 O-O-O 20. c4 Ne7
21. Qb4 Nf5 22. Qc3 Nb6 23. Kb1 Kb8 24. Nc5 Qe7 25. Ne4 Qd7 26. Nc5 Qe7 27. Ne4
Qc7 28. Nc5 Rxh1 29. Rxh1 Ng3 30. Nxg3 Qxg3 31. Ne4 Qc7 32. Rh7 Rg8 33. b3 Qf4
34. Qd3 Qf5 35. Rh1 Qf4 36. Rh7 Qf5 37. Rh1 Kc7 38. Kc2 Qf4 39. Rh7 Qf5 40. Rh1
Rd8 41. Qe3 Rg8 42. Kc3 e5 43. dxe5 Qxe5+ 1/2-1/2

[Event "Deutsche Ländermeisterschaft 2015"]
[Site "Hannover GER"]
[Date "2015.10.07"]
[Round "7"]
[White "Wu, Luka"]
[Black "Ratay, Meike"]
[Result "1/2-1/2"]
[Termination "normal"]
[Board "6.7"]
[WhiteElo "1695"]
[BlackElo "1611"]
[WhiteTeam "Baden 2"]
[BlackTeam "Thüringen"]
[PlyCount "120"]
[WhiteFideId "12977420"]
[BlackFideId "12977608"]
[EventCountry "GER"]
[EventRounds "7"]
[EventType "team-swiss"]
[EventDate "2015.10.02"]

1. e4 e5 2. Nf3 Nc6 3. Bb5 Nge7 4. Nc3 a6 5. Bc4 b5 6. Bb3 Ng6 7. d3 Be7 8. O-O
Na5 9. Be3 Nxb3 10. axb3 O-O 11. Nxb5 c6 12. Nc3 d6 13. Nd2 f5 14. exf5 Bxf5
15. Ra4 d5 16. Ne2 d4 17. Nxd4 exd4 18. Rxd4 Qc7 19. Ra4 Bd6 20. h3 Nf4 21. Nc4
Nd5 22. Bd2 Bf4 23. Bxf4 Nxf4 24. Re1 Bxh3 25. g3 Nd5 26. Qh5 Bf5 27. Nd2 Bg6
28. Qh2 Qd7 29. Rea1 Qe6 30. Kf1 Nf6 31. Re1 Qd7 32. Qh4 Kh8 33. Nc4 Bxd3+ 34.
cxd3 Qxd3+ 35. Kg1 Qxb3 36. Ra3 Qc2 37. Rc3 Qf5 38. Ne3 Qb5 39. Nc4 Rfe8 40.
Rce3 Rxe3 41. Rxe3 Rd8 42. Re1 Rd5 43. Qf4 h6 44. Rb1 Qc5 45. b3 Rf5 46. Qb8+
Kh7 47. Ne3 Re5 48. b4 Qb5 49. Qf8 a5 50. Qd6 axb4 51. Rxb4 Qc5 52. Qd3+ g6 53.
Qd2 Re7 54. Rc4 Qe5 55. Rxc6 Rc7 56. Qd6 Qxd6 57. Rxd6 Ne4 58. Rd4 Ng5 59. Kg2
Kg7 60. Ra4 Rd7 1/2-1/2

[Event "Deutsche Ländermeisterschaft 2015"]
[Site "Hannover GER"]
[Date "2015.10.07"]
[Round "7"]
[White "Reuter, Elisa"]
[Black "Youness, Fatima"]
[Result "1/2-1/2"]
[Termination "normal"]
[Board "6.8"]
[WhiteElo "1722"]
[BlackElo "1413"]
[WhiteTeam "Thüringen"]
[BlackTeam "Baden 2"]
[PlyCount "159"]
[WhiteFideId "12995444"]
[BlackFideId "16214404"]
[EventCountry "GER"]
[EventRounds "7"]
[EventType "team-swiss"]
[EventDate "2015.10.02"]

1. d4 d5 2. f4 Nf6 3. e3 Bf5 4. c4 e6 5. Nc3 Nc6 6. Qb3 Rb8 7. Nf3 Qd7 8. c5
Be7 9. Bb5 a6 10. Ne5 Qc8 11. Bxc6+ bxc6 12. Qa4 Qb7 13. Qxc6+ Qxc6 14. Nxc6
Rc8 15. Nxe7 Kxe7 16. b3 Ne4 17. Nxe4 Bxe4 18. Rg1 Rhg8 19. g3 h6 20. Bb2 g5
21. Kd2 h5 22. fxg5 Rxg5 23. Raf1 Rcg8 24. Rf2 h4 25. Rgf1 Bf5 26. gxh4 Rg2 27.
Kc3 Rxf2 28. Rxf2 Rg4 29. h5 Rh4 30. Ba3 Rxh5 31. Kb4 Bd3 32. Kc3 Bb5 33. Bb4
e5 34. dxe5 Rxe5 35. Kd2 Be8 36. Ba5 Kd7 37. b4 Re4 38. Rf4 c6 39. Kd3 Rxf4 40.
exf4 Ke6 41. Kd4 Kf5 42. Bc7 f6 43. Bd8 Kxf4 44. Bxf6 Bg6 45. h4 Bb1 46. a4 Kf5
47. Bg5 Ke6 48. h5 Bc2 49. h6 Kf7 50. b5 cxb5 51. axb5 axb5 52. Kc3 Bf5 53. Kb4
Bd7 54. Bc1 d4 55. Kb3 d3 56. Kc3 Bf5 57. c6 Be6 58. c7 Bf5 59. Kb4 Bd7 60. Bd2
Kg6 61. Kc5 Kh7 62. Kd4 Bf5 63. Ke5 Bd7 64. Ke4 b4 65. Kxd3 b3 66. Kc3 Be6 67.
Bg5 Kg6 68. Kb2 Kh7 69. Ka3 Kg8 70. Bf6 Kh7 71. Bg7 Kg8 72. Kb4 Kh7 73. Kc3 Kg6
74. Kd2 Kh7 75. Bf8 Bf5 76. Kc3 Be6 77. Bg7 Kg8 78. Bd4 Kh7 79. Be3 Kg6 80. Bg5
1/2-1/2

[Event "Deutsche Ländermeisterschaft 2015"]
[Site "Hannover GER"]
[Date "2015.10.07"]
[Round "7"]
[White "Baskin, Robert"]
[Black "Fidorra, Thomas"]
[Result "1-0"]
[Termination "normal"]
[Board "7.1"]
[WhiteTitle "FM"]
[WhiteElo "2329"]
[BlackElo "1972"]
[WhiteTeam "Hessen"]
[BlackTeam "Mecklenburg-Vorpommern"]
[PlyCount "119"]
[WhiteFideId "24662402"]
[BlackFideId "12913332"]
[EventCountry "GER"]
[EventRounds "7"]
[EventType "team-swiss"]
[EventDate "2015.10.02"]

1. e4 c5 2. Nf3 Nc6 3. d4 cxd4 4. Nxd4 g6 5. c4 Nf6 6. Nc3 d6 7. Be2 Nxd4 8.
Qxd4 Bg7 9. Be3 O-O 10. Qd2 Be6 11. O-O Qa5 12. Rac1 Rfc8 13. b3 a6 14. f3 Nd7
15. Bg5 b5 16. Bxe7 bxc4 17. b4 Qxb4 18. Bxd6 Qb6+ 19. Kh1 Rc6 20. Bg3 Rd8 21.
Rfd1 Bf6 22. Qc2 Ne5 23. Nd5 Bxd5 24. exd5 Rcc8 25. f4 Nd3 26. Bxd3 cxd3 27.
Qxc8 Rxc8 28. Rxc8+ Kg7 29. f5 Qb7 30. Rc6 Qe7 31. d6 Qe2 32. Rcc1 d2 33. Rb1
Qd3 34. Bf4 Bc3 35. Bxd2 Bxd2 36. Rb2 Qxd6 37. Rbxd2 Qa3 38. fxg6 hxg6 39. h3
a5 40. Rc2 Qa4 41. Rdd2 Qe4 42. Re2 Qd4 43. Rcd2 Qf6 44. Rf2 Qa1+ 45. Kh2 Qe5+
46. g3 Qe6 47. Rf3 Kh6 48. g4 Kg5 49. Rdf2 f5 50. gxf5 gxf5 51. Rf4 Qe5 52. h4+
Kh5 53. a4 Kg6 54. Kg2 Qd5+ 55. Kh2 Qe5 56. Kh3 Qe3+ 57. Kg2 Qe5 58. Rxf5 Qxf5
59. Rxf5 Kxf5 60. Kf3 1-0

[Event "Deutsche Ländermeisterschaft 2015"]
[Site "Hannover GER"]
[Date "2015.10.07"]
[Round "7"]
[White "Spitzl, Vinzent"]
[Black "Schumann, Rabea"]
[Result "1-0"]
[Termination "normal"]
[Board "7.3"]
[WhiteElo "2130"]
[BlackElo "1776"]
[WhiteTeam "Hessen"]
[BlackTeam "Mecklenburg-Vorpommern"]
[PlyCount "131"]
[WhiteFideId "12901253"]
[BlackFideId "12918199"]
[EventCountry "GER"]
[EventRounds "7"]
[EventType "team-swiss"]
[EventDate "2015.10.02"]

1. e4 c6 2. d4 d5 3. Nd2 dxe4 4. Nxe4 Nd7 5. Ng5 Ngf6 6. Bd3 e6 7. N1f3 Bd6 8.
Qe2 h6 9. Ne4 Nxe4 10. Qxe4 Qc7 11. Qg4 Kf8 12. O-O b6 13. c3 Bb7 14. Re1 Nf6
15. Qh3 Nd5 16. Ne5 c5 17. Bd2 Re8 18. a3 Bxe5 19. dxe5 c4 20. Bc2 Ke7 21. Qg4
Kd8 22. Ba4 Bc6 23. Qxc4 Bxa4 24. Qxa4 Kc8 25. c4 Ne7 26. Bb4 Kb7 27. Rac1 Qc6
28. Qxc6+ Nxc6 29. Bd6 Rc8 30. b4 Rhd8 31. f4 Nd4 32. Kf2 Rd7 33. Red1 Nf5 34.
c5 Ne7 35. Bxe7 Rxe7 36. cxb6 Rxc1 37. Rxc1 axb6 38. Ke3 Rd7 39. Rc3 b5 40. g3
g6 41. Rd3 Rc7 42. Kd2 h5 43. Rd6 Ka7 44. Rd3 Kb7 45. Rc3 Rd7+ 46. Kc2 Kb6 47.
Rd3 Rc7+ 48. Kb3 Kb7 49. Rd6 Ka7 50. a4 bxa4+ 51. Kxa4 Kb7 52. Kb5 Ka7 53. Ka5
Kb7 54. b5 Kb8 55. Rb6+ Ka8 56. Rc6 Rd7 57. Ka6 Ra7+ 58. Kb6 Rb7+ 59. Kc5 Rd7
60. Rd6 Rc7+ 61. Kb6 Rc8 62. Rd7 Rb8+ 63. Kc6 Rc8+ 64. Rc7 Rf8 65. b6 Kb8 66.
b7 1-0

[Event "Deutsche Ländermeisterschaft 2015"]
[Site "Hannover GER"]
[Date "2015.10.07"]
[Round "7"]
[White "Schamber, Dennis"]
[Black "Weber, Samuel"]
[Result "0-1"]
[Termination "normal"]
[Board "7.4"]
[WhiteElo "1657"]
[BlackElo "1936"]
[WhiteTeam "Mecklenburg-Vorpommern"]
[BlackTeam "Hessen"]
[PlyCount "98"]
[WhiteFideId "12952176"]
[BlackFideId "12924008"]
[EventCountry "GER"]
[EventRounds "7"]
[EventType "team-swiss"]
[EventDate "2015.10.02"]

1. d4 Nf6 2. c4 e6 3. Nf3 c5 4. Nc3 a6 5. Bg5 cxd4 6. Nxd4 Bb4 7. Bd2 O-O 8. e3
Nc6 9. a3 Bxc3 10. Bxc3 Ne4 11. Qc2 f5 12. Bd3 Nf6 13. O-O-O Qc7 14. Nxc6 bxc6
15. h3 Bb7 16. g4 c5 17. Rhg1 Bf3 18. Rde1 Be4 19. gxf5 exf5 20. Bxf6 Rxf6 21.
Bxe4 fxe4 22. Qxe4 Rb8 23. f4 Qb6 24. Qe5 Kf8 25. Re2 d6 26. Qc3 Qb7 27. Reg2
Rf7 28. Qd3 Qe7 29. Rg3 Qf6 30. R1g2 Kg8 31. Rd2 Rfb7 32. Qd5+ Kh8 33. Qg2 Rb3
34. Rc2 Qe6 35. Qf2 Re8 36. Kd2 Qe4 37. Qe2 Reb8 38. Kc1 Rd3 39. Qf3 Qe7 40. b4
Qf6 41. Rb2 Qc3+ 42. Kb1 Qe1+ 43. Ka2 Rxa3+ 44. Kxa3 Qa1+ 45. Kb3 Rxb4+ 46. Kc3
Qxb2+ 47. Kd3 Qb1+ 48. Kd2 Rb2+ 49. Kc3 Qc2# 0-1

[Event "Deutsche Ländermeisterschaft 2015"]
[Site "Hannover GER"]
[Date "2015.10.07"]
[Round "7"]
[White "Stork, Oliver"]
[Black "Wagner, Swenja"]
[Result "1-0"]
[Termination "normal"]
[Board "7.5"]
[WhiteElo "1977"]
[BlackElo "1719"]
[WhiteTeam "Hessen"]
[BlackTeam "Mecklenburg-Vorpommern"]
[PlyCount "61"]
[WhiteFideId "12955728"]
[BlackFideId "12900494"]
[EventCountry "GER"]
[EventRounds "7"]
[EventType "team-swiss"]
[EventDate "2015.10.02"]

1. c4 c5 2. g3 g6 3. Bg2 Bg7 4. Nc3 Nc6 5. d3 Nf6 6. e4 d6 7. Nge2 Nd7 8. Be3
Nf8 9. d4 cxd4 10. Nxd4 Ne6 11. Nde2 O-O 12. f4 Nc7 13. O-O f5 14. Rb1 e5 15.
Qd2 Qe7 16. Rfd1 Rd8 17. Bf2 Be6 18. Nd5 Bxd5 19. exd5 Nb8 20. b4 b6 21. c5 Nd7
22. fxe5 Bxe5 23. Nf4 bxc5 24. Ne6 Nxe6 25. dxe6 Nf6 26. Bxa8 Rxa8 27. bxc5 Ne4
28. cxd6 Bxd6 29. Qd5 Rd8 30. Rb7 Qf6 31. e7+ 1-0

[Event "Deutsche Ländermeisterschaft 2015"]
[Site "Hannover GER"]
[Date "2015.10.07"]
[Round "7"]
[White "Lange, Jannis"]
[Black "Poetsch, Leonore"]
[Result "0-1"]
[Termination "normal"]
[Board "7.6"]
[WhiteElo "1741"]
[BlackElo "1860"]
[WhiteTeam "Mecklenburg-Vorpommern"]
[BlackTeam "Hessen"]
[PlyCount "86"]
[WhiteFideId "12993107"]
[BlackFideId "12940372"]
[EventCountry "GER"]
[EventRounds "7"]
[EventType "team-swiss"]
[EventDate "2015.10.02"]

1. e4 e6 2. Qe2 c5 3. Nf3 Nc6 4. d3 Be7 5. Nbd2 d5 6. g3 Nf6 7. Bg2 d4 8. O-O
e5 9. Nc4 Nd7 10. a4 O-O 11. h4 f6 12. Nh2 Nb6 13. b3 Be6 14. f4 Qc7 15. f5 Bf7
16. Qg4 Kh8 17. h5 Nxc4 18. bxc4 Nb4 19. Rf2 a6 20. Nf3 b5 21. Nh4 Rfb8 22.
Ng6+ Kg8 23. h6 hxg6 24. fxg6 Be8 25. Qe6+ Kh8 26. h7 Bxg6 27. Bf3 Qd6 28. Qg4
Bf7 29. Rh2 Qe6 30. Qh4 g5 31. Qg4 Qxg4 32. Bxg4 bxc4 33. dxc4 Bxc4 34. Ba3 Bf7
35. Bxb4 Rxb4 36. a5 Rab8 37. Kf2 Rb2 38. Ke1 Rb1+ 39. Rxb1 Rxb1+ 40. Ke2 c4
41. Bf5 Rb2 42. Kd1 c3 43. Bc8 Bc4 0-1

[Event "Deutsche Ländermeisterschaft 2015"]
[Site "Hannover GER"]
[Date "2015.10.07"]
[Round "7"]
[White "Reinecke, Katharina"]
[Black "Troyke, Jannis"]
[Result "1-0"]
[Termination "normal"]
[Board "7.7"]
[WhiteElo "1765"]
[BlackElo "1877"]
[WhiteTeam "Hessen"]
[BlackTeam "Mecklenburg-Vorpommern"]
[PlyCount "105"]
[WhiteFideId "12929727"]
[BlackFideId "12993115"]
[EventCountry "GER"]
[EventRounds "7"]
[EventType "team-swiss"]
[EventDate "2015.10.02"]

1. d4 Nf6 2. c4 d6 3. g3 g6 4. Bg2 Bg7 5. Nc3 O-O 6. Nf3 c6 7. O-O Qa5 8. e4
Qh5 9. Qd3 Bh3 10. Bf4 Bxg2 11. Kxg2 Nbd7 12. h3 Qa5 13. b4 Qd8 14. Be3 Ne8 15.
Rab1 Qc7 16. Rb3 Rc8 17. Rfb1 a6 18. b5 cxb5 19. cxb5 a5 20. Nd5 Qd8 21. Bd2 e6
22. Ne3 b6 23. Rc3 Rxc3 24. Qxc3 Qc7 25. Rc1 Qxc3 26. Bxc3 Nef6 27. Nd2 Rc8 28.
f3 Nh5 29. Ndc4 Bf8 30. Bb2 Ng7 31. d5 e5 32. Ng4 Nh5 33. Ba3 f5 34. Nf2 Nhf6
35. Nd2 Rxc1 36. Bxc1 Nc5 37. Ba3 fxe4 38. fxe4 Nfd7 39. Nc4 Kf7 40. Bxc5 dxc5
41. Nd3 Be7 42. Ndxe5+ Nxe5 43. Nxe5+ Ke8 44. Nc4 Bd8 45. Kf3 h5 46. g4 hxg4+
47. hxg4 g5 48. e5 Kd7 49. Ke4 Ke8 50. d6 Kf8 51. Kf5 Kf7 52. e6+ Ke8 53. e7
1-0

[Event "Deutsche Ländermeisterschaft 2015"]
[Site "Hannover GER"]
[Date "2015.10.07"]
[Round "7"]
[White "Schmidek, Emil"]
[Black "Recktenwald, Cedric"]
[Result "1-0"]
[Termination "normal"]
[Board "8.1"]
[WhiteElo "2171"]
[BlackElo "1584"]
[WhiteTeam "Berlin"]
[BlackTeam "Saarland"]
[PlyCount "67"]
[WhiteFideId "12908150"]
[BlackFideId "12971928"]
[EventCountry "GER"]
[EventRounds "7"]
[EventType "team-swiss"]
[EventDate "2015.10.02"]

1. e4 e6 2. d4 d5 3. Nc3 Bb4 4. e5 c5 5. a3 Bxc3+ 6. bxc3 Qc7 7. Qg4 f5 8. Qg3
Ne7 9. Qxg7 Rg8 10. Qxh7 cxd4 11. Qh5+ Kd8 12. Ne2 dxc3 13. f4 Qb6 14. Qf3 d4
15. Qd3 Nbc6 16. Nxc3 Bd7 17. Nb5 a6 18. Nd6 Qa5+ 19. Bd2 Qd5 20. Kf2 Rb8 21.
Rg1 Ng6 22. Re1 Ke7 23. Qh3 Kd8 24. Qh7 Kc7 25. Bc4 Qc5 26. Bxe6 d3+ 27. Kf1
Nf8 28. Qxg8 Nxe6 29. Qg3 Qxc2 30. Qe3 Ned4 31. Rc1 Qa2 32. Qxd3 Nb3 33. Rc2
Qb1+ 34. Kf2 1-0

[Event "Deutsche Ländermeisterschaft 2015"]
[Site "Hannover GER"]
[Date "2015.10.07"]
[Round "7"]
[White "Haase, Dominik"]
[Black "Schnabel, Bennett"]
[Result "1/2-1/2"]
[Termination "normal"]
[Board "8.2"]
[WhiteElo "1467"]
[BlackElo "2063"]
[WhiteTeam "Saarland"]
[BlackTeam "Berlin"]
[PlyCount "75"]
[WhiteFideId "16208781"]
[BlackFideId "12943290"]
[EventCountry "GER"]
[EventRounds "7"]
[EventType "team-swiss"]
[EventDate "2015.10.02"]

1. d4 d5 2. c4 e6 3. Nc3 c6 4. Bf4 dxc4 5. e4 b5 6. Nf3 Nf6 7. Be2 Be7 8. Qc2
a6 9. O-O O-O 10. b3 Bb4 11. Bg5 Bxc3 12. Bxf6 Qa5 13. Rac1 gxf6 14. Qxc3 Qxa2
15. Nd2 Qa3 16. Qg3+ Kh8 17. Qh4 Nd7 18. e5 f5 19. bxc4 Rg8 20. Bh5 Qf8 21. c5
Qd8 22. Qxd8 Rxd8 23. Ra1 Nxe5 24. dxe5 Rxd2 25. Bxf7 Kg7 26. Bh5 Rd5 27. Rfc1
Bb7 28. f4 Rad8 29. Bf3 Rd2 30. Rd1 Rxd1+ 31. Rxd1 Rxd1+ 32. Bxd1 a5 33. Kf2 a4
34. Ke2 Kf7 35. Kd3 Ke7 36. Kc3 Kd7 37. Kb4 Kc7 38. Bh5 1/2-1/2

[Event "Deutsche Ländermeisterschaft 2015"]
[Site "Hannover GER"]
[Date "2015.10.07"]
[Round "7"]
[White "Acikel, Mert"]
[Black "Zimmer, Luca"]
[Result "0-1"]
[Termination "normal"]
[Board "8.3"]
[WhiteElo "1889"]
[BlackElo "1548"]
[WhiteTeam "Berlin"]
[BlackTeam "Saarland"]
[PlyCount "100"]
[WhiteFideId "12956465"]
[BlackFideId "12921424"]
[EventCountry "GER"]
[EventRounds "7"]
[EventType "team-swiss"]
[EventDate "2015.10.02"]

1. e4 e6 2. d4 d5 3. Nd2 Nf6 4. e5 Nfd7 5. Bd3 c5 6. c3 Nc6 7. Ne2 cxd4 8. cxd4
f6 9. exf6 Nxf6 10. Nf3 Bd6 11. O-O Qc7 12. Bg5 O-O 13. Bxf6 Rxf6 14. Ng3 g6
15. Ne2 Qg7 16. Bb5 Qh6 17. Ng3 Bd7 18. Bxc6 Bxc6 19. Ne5 Qf4 20. Nxc6 bxc6 21.
Rc1 h5 22. Rxc6 h4 23. Qd3 hxg3 24. hxg3 Qf5 25. Qa6 Be7 26. Qb7 Re8 27. Qxa7
Rff8 28. Qd7 Bf6 29. Qa7 Rf7 30. Qc5 Be7 31. Qc3 Rh7 32. f3 Qf6 33. b4 Bf8 34.
b5 Rb7 35. a4 Ra8 36. Ra6 Rxa6 37. bxa6 Ra7 38. Qd3 Kf7 39. Rb1 Bg7 40. Rb4 Qe7
41. Rb1 Qc7 42. Kh1 Qc6 43. g4 g5 44. Qh7 Qc8 45. Qh5+ Kf6 46. f4 gxf4 47. Rf1
Ke7 48. Qh4+ Kd6 49. Qf2 Qh8+ 50. Kg1 Bxd4 0-1

[Event "Deutsche Ländermeisterschaft 2015"]
[Site "Hannover GER"]
[Date "2015.10.07"]
[Round "7"]
[White "Ewerhardy, Moritz"]
[Black "Hesse, Henrik"]
[Result "0-1"]
[Termination "normal"]
[Board "8.4"]
[WhiteElo "1366"]
[BlackElo "1896"]
[WhiteTeam "Saarland"]
[BlackTeam "Berlin"]
[PlyCount "126"]
[WhiteFideId "36052086"]
[BlackFideId "12952060"]
[EventCountry "GER"]
[EventRounds "7"]
[EventType "team-swiss"]
[EventDate "2015.10.02"]

1. e4 Nf6 2. Nc3 d5 3. e5 d4 4. exf6 dxc3 5. bxc3 exf6 6. d4 Nc6 7. Nf3 Bg4 8.
Be3 Bd6 9. Bc4 O-O 10. O-O f5 11. Be2 f4 12. Bd2 Re8 13. Re1 Qf6 14. Rb1 Rab8
15. h3 Bh5 16. Nh2 Bxe2 17. Rxe2 Na5 18. Rxe8+ Rxe8 19. Qf1 Qf5 20. c4 Nc6 21.
c5 Bf8 22. c3 Na5 23. Rc1 b6 24. Qb5 Re6 25. Qa6 Nc6 26. Qc4 Rg6 27. Kh1 bxc5
28. dxc5 Qxc5 29. Qxf4 Bd6 30. Qe3 Re6 31. Qf3 Rf6 32. Be3 Qe5 33. Ng4 Rxf3 34.
Nxe5 Rxe3 35. Nxc6 Re2 36. Rb1 f6 37. Nxa7 Rxa2 38. Nb5 Rxf2 39. Nxd6 cxd6 40.
Rd1 Rc2 41. Rxd6 Rxc3 42. Kh2 Re3 43. g4 Kf7 44. Rd5 g5 45. Rf5 Re5 46. Rf3 Kg6
47. Kg3 Re6 48. Rf5 h5 49. Kf3 Re1 50. Kg2 h4 51. Kh2 Re5 52. Rxe5 fxe5 53. Kg2
e4 54. Kf2 Kf6 55. Ke2 Ke5 56. Ke3 Kd5 57. Ke2 Kd4 58. Kd2 e3+ 59. Ke1 Ke4 60.
Ke2 Kf4 61. Ke1 Kg3 62. Ke2 Kxh3 63. Kxe3 Kxg4 0-1

[Event "Deutsche Ländermeisterschaft 2015"]
[Site "Hannover GER"]
[Date "2015.10.07"]
[Round "7"]
[White "Rosenhain, Rachela"]
[Black "Heil, Lisa"]
[Result "1-0"]
[Termination "normal"]
[Board "8.5"]
[WhiteElo "1792"]
[BlackElo "1056"]
[WhiteTeam "Berlin"]
[BlackTeam "Saarland"]
[PlyCount "37"]
[WhiteFideId "12957615"]
[BlackFideId "16214412"]
[EventCountry "GER"]
[EventRounds "7"]
[EventType "team-swiss"]
[EventDate "2015.10.02"]

1. e4 e5 2. Nf3 Nc6 3. Bc4 Bc5 4. O-O Nf6 5. d4 Bxd4 6. Nxd4 Nxd4 7. Bg5 Qe7 8.
Nc3 d6 9. f4 Bd7 10. Nd5 Qd8 11. fxe5 dxe5 12. Nxf6+ gxf6 13. Bxf6 Qc8 14.
Bxf7+ Kxf7 15. Qh5+ Ke6 16. Qxe5+ Kf7 17. Qe7+ Kg6 18. Qg7+ Kh5 19. Qg5# 1-0

[Event "Deutsche Ländermeisterschaft 2015"]
[Site "Hannover GER"]
[Date "2015.10.07"]
[Round "7"]
[White "Heil, Valerie"]
[Black "Denkert, Anna"]
[Result "0-1"]
[Termination "normal"]
[Board "8.6"]
[WhiteElo "1313"]
[BlackElo "1686"]
[WhiteTeam "Saarland"]
[BlackTeam "Berlin"]
[PlyCount "84"]
[WhiteFideId "16208790"]
[BlackFideId "12938122"]
[EventCountry "GER"]
[EventRounds "7"]
[EventType "team-swiss"]
[EventDate "2015.10.02"]

1. e4 c6 2. d4 d5 3. exd5 cxd5 4. Bd3 Nf6 5. c3 Nc6 6. Bf4 Bg4 7. Qb3 Qd7 8.
Nd2 e6 9. Ngf3 Be7 10. Ne5 Qc8 11. O-O O-O 12. Qc2 Bh5 13. Rae1 Bg6 14. Bg5
Bxd3 15. Qxd3 h6 16. Bh4 Qc7 17. f4 Nd7 18. Bxe7 Nxe7 19. Ndf3 Nxe5 20. Nxe5
Qa5 21. a3 Qa4 22. Qd1 Qxd1 23. Rxd1 b5 24. b4 a5 25. g4 axb4 26. axb4 Ra3 27.
Rd3 Rc8 28. Rc1 Nc6 29. Nd7 Nxb4 30. Rf3 Na6 31. Rb1 b4 32. Kf2 Rcxc3 33. Rxc3
Rxc3 34. Ke2 b3 35. Kd2 Rc2+ 36. Kd1 Rc3 37. Kd2 Rh3 38. Kc1 Nb4 39. Nc5 Nd3+
40. Nxd3 Rxd3 41. Kb2 Rxd4 42. Kxb3 Rxf4 0-1